Największe polskie miasta zawierające literę S - Statystyki

Ogólne statystyki
  • Ten quiz został rozwiązany 70 razy
  • Średni wynik to 12 z 15
Statystyki odpowiedzi
Województwo Populacja Miasto % Poprawnych
Zachodniopomorskie 390 278 Szczecin
100%
Mazowieckie 1 861 644 Warszawa
94%
Pomorskie 486 492 Gdańsk
92%
Podlaskie 292 058 Białystok
88%
Warmińsko-mazurskie 167 844 Olsztyn
88%
Kujawsko-pomorskie 328 370 Bydgoszcz
83%
Podkarpackie 197 536 Rzeszów
83%
Śląskie 188 151 Sosnowiec
82%
Śląskie 207 117 Częstochowa
77%
Lubuskie 115 847 Gorzów Wielkopolski
74%
Zachodniopomorskie 105 905 Koszalin
68%
Wielkopolskie 93 681 Kalisz
63%
Pomorskie 86 027 Słupsk
62%
Śląskie 166 189 Bielsko-Biała
60%
Śląskie 131 062 Ruda Śląska
57%
Nie znaleziono quizów pasujących do podanych kryteriów
Rozkład punktacji
Procent ludzi z każdym wynikiem
Percentyl według liczby udzielonych odpowiedzi
Twoja historia wyników
Nie rozwiązałeś tego quizu